|
|
|
|
| LEADER |
00000nam0a2200000 4500 |
| 001 |
173144 |
| 005 |
20251126100409.0 |
| 035 |
|
|
|a (RuTPU)RU\TPU\book\187802
|
| 035 |
|
|
|a RU\TPU\tpu\7423
|
| 090 |
|
|
|a 173144
|
| 100 |
|
|
|a 20091221d1912 k y0rusy50 ca
|
| 101 |
0 |
|
|a rus
|
| 102 |
|
|
|a RU
|
| 105 |
|
|
|a y z 000zy
|
| 200 |
1 |
|
|a Новые взгляды на цель технического образования в связи с методами преподавания
|e [оттиск статьи]
|f С. К. Конюхов
|
| 210 |
|
|
|d 1912
|
| 215 |
|
|
|a 26 с.
|
| 300 |
|
|
|a Текст в русской дореформенной орфографии
|
| 318 |
|
|
|5 63413507
|a Из истории постановки учебного процесса в ТПУ (1900-1945 гг.)
|
| 606 |
|
|
|a Высшее образование в России
|x История
|2 stltpush
|3 (RuTPU)RU\TPU\subj\3993
|9 89064
|
| 610 |
1 |
|
|a труды учёных ТПУ
|
| 610 |
1 |
|
|a культура
|
| 610 |
1 |
|
|a наука
|
| 610 |
1 |
|
|a высшее профессиональное образование
|
| 610 |
1 |
|
|a Коллекция Труды ученых ТПУ
|
| 610 |
1 |
|
|a цели
|
| 610 |
1 |
|
|a преподавательская деятельность
|
| 610 |
1 |
|
|a преподавание
|
| 610 |
1 |
|
|a задачи
|
| 610 |
1 |
|
|a педагогика
|
| 610 |
1 |
|
|a психология обучения
|
| 610 |
1 |
|
|a педагогические методы
|
| 610 |
1 |
|
|a оттиски
|
| 686 |
|
|
|a Ч483(2)
|2 rubbk
|
| 700 |
|
1 |
|a Конюхов
|b С. К.
|c инженер-технолог
|c преподаватель, профессор ТТИ (1907-1923)
|f 1875-?
|g Семен Кондратьевич
|3 (RuTPU)RU\TPU\pers\23351
|9 10131
|
| 801 |
|
0 |
|a RU
|b 63413507
|c 20011210
|g PSBO
|
| 801 |
|
2 |
|a RU
|b 63413507
|c 20190624
|g PSBO
|
| 850 |
|
|
|a 63413507
|
| 942 |
|
|
|c BK
|